000 00376nam a2200181Ia 4500
003 IT-RoPAU
008 120407s9999 xx 000 0 und d
040 _aIT-RoPAU
040 _cIT-RoPAU
100 _aCarlo Maria Martini
245 _aEffatà apriti
250 _aMilano
260 _aCentro Ambrosiano
300 _c cm
490 _v1
942 _cBK
999 _c1724
_d1724